Physics Equations - Statistics

General Stats
  • This quiz has been taken 10,328 times
    10,327 since last reset
  • The average score is 9 of 15
Answer Stats
Hint Answer % Correct
Distance / Time Speed
97%
Change in velocity / Time Acceleration
91%
Mass x Acceleration Force
85%
Mass / Volume Density
83%
0.5 x Mass x Velocity^2 (squared) Kinetic Energy
72%
Current x Resistance Voltage
71%
Force / Area Pressure
70%
Mass x Velocity Momentum
69%
Force x Distance Work
69%
Voltage x Current Power
61%
Wave speed / Frequency Wavelength
55%
Current x Time Charge
45%
Mass x g x Height Gravitational Potential Energy
40%
Sin(angle of incidence) / Sin(angle of refraction) Refractive Index
25%
Height x Density x g Pressure Difference
2%
No matching quizzes found
Score Distribution
Percent of People with Each Score
Percentile by Number Answered
Your Score History
You have not taken this quiz since the last reset